Biggest Cities in Europe by Letter - T - Statistics

General Stats
  • This quiz has been taken 84 times
  • The average score is 11 of 20
Answer Stats
Pop. Country Answer % Correct
1,70m Italy Turin
100%
452k Estonia Tallinn
99%
705k Albania Tirana
97%
1,03m France Toulouse
96%
806k Greece Thessaloniki
92%
3,12m Netherlands Rotterdam/The Hague
83%
349k Finland Tampere
66%
281k Finland Turku
64%
586k France Toulon
62%
229k Italy Trieste
51%
319k Romania Timișoara
44%
365k Italy Taranto
43%
361k France Tours
43%
360k Spain Tarragona/Reus
42%
697k Russia Tolyatti
27%
424k Russia Tver
26%
535k Russia Tula
22%
320k Russia Tambov
14%
255k Spain Terrassa
14%
280k Russia Taganrog
10%
No matching quizzes found
Score Distribution
Percent of People with Each Score
Percentile by Number Answered
Your Score History
You have not taken this quiz